Naruto - Personnages A-Z (1) - Statistiques

Statistiques générales
  • Ce quiz a été pris 309 fois
  • Le résultat moyen est 16 sur 24
Statistiques - réponses
Par images Réponse % Correct
Gaara
95%
Madara
94%
Sakura
93%
Orochimaru
91%
Rock Lee
91%
Ino
89%
Neji
89%
Temari
86%
Zabuza
86%
Kisame
84%
Rin
81%
Haku
75%
Anko
66%
Ebisu
63%
Pakkun
63%
Dan
62%
Jûgo
62%
Yahiko
61%
Chôza
53%
Baki
49%
Fukasaku
33%
Udon
33%
Wasabi
14%
Log
4%
Aucun quiz correspondant
Distribution des résultats
% des personnes avec chaque résultat
Percentile par nombre de réponses
Votre historique - résultats
Vous n’avez pas pris ce quiz